000 00280nam a2200097Ia 4500
001 1229142
005 20250827093055.0
008 250824s9999 xx 000 0 und d
245 0 _aBEYİN FIRTINASI
_cERIC MAISEL, ANN MAISEL
260 _bALTIN KİTAPLAR YAYINLARI
999 _c1229142
_d1229142